Nie gigantománia - nevyhnutnosť Progresívne kontrolné a riadiace systémy nevylučujú vznik havárie, zvládnu ju však bez následkov
Pripomienkovanie a posudzovanie dostavby Jadrovej elektrárne Mochovce. Ekonomické hľadisko dostavby. Ekologické hľadisko. Argumenty ochranárskych organizácií. Rozhodovanie o jadrovej energetike. Prieskumy verejnej mienky.
Gespeichert in:
| 1. Verfasser: | |
|---|---|
| Format: | Buchkapitel |
| Sprache: | Slowakisch |
| Schlagworte: | |
| Tags: |
Keine Tags, Fügen Sie das erste Tag hinzu!
|
MARC
| LEADER | 00000naa a2200000 4500 | ||
|---|---|---|---|
| 001 | r017219 | ||
| 005 | 20221213100512.6 | ||
| 041 | 0 | |a slo | |
| 044 | |a SK | ||
| 245 | 1 | 0 | |a Nie gigantománia - nevyhnutnosť |b Progresívne kontrolné a riadiace systémy nevylučujú vznik havárie, zvládnu ju však bez následkov |c P. Moravický |
| 520 | |a Pripomienkovanie a posudzovanie dostavby Jadrovej elektrárne Mochovce. Ekonomické hľadisko dostavby. Ekologické hľadisko. Argumenty ochranárskych organizácií. Rozhodovanie o jadrovej energetike. Prieskumy verejnej mienky. | ||
| 610 | 2 | 0 | |a Jadrová elektráreň Mochovce |
| 610 | 2 | 0 | |a energia atómová |
| 610 | 2 | 0 | |a elektrárne atómové |
| 610 | 2 | 0 | |a elektrina |
| 610 | 2 | 0 | |a bezpečnosť environmentálna |
| 610 | 2 | 0 | |a mienka verejná |
| 100 | 1 | |a Moravický, P. | |